Least powerful passports - Statistics

General Stats
  • This quiz has been taken 79 times
  • The average score is 15 of 22
Answer Stats
Amount of countries that can be visited visa-free Passport Country % Correct
25 Afghanistan
93%
37 Iran
93%
30 Iraq
93%
42 North Korea
90%
32 Syria
89%
38 Yemen
81%
36 Libya
79%
39 Democratic Republic of the Congo
77%
29 Pakistan
77%
37 Sudan
74%
31 Somalia
73%
38 South Sudan
69%
37 Eritrea
63%
39 Lebanon
61%
37 Ethiopia
56%
42 Myanmar
51%
39 Bangladesh
47%
37 Nepal
47%
37 Palestine
40%
39 Sri Lanka
40%
42 Burundi
36%
38 Kosovo
29%
No matching quizzes found
Score Distribution
Percent of People with Each Score
Percentile by Number Answered
Your Score History
You have not taken this quiz